000 00361 a2200169 4500
001 171470
020 _a978-85-16-06320-7
040 _cMagnum
100 _aRocha, Ruth
240 1 0 _aProcurando firme
_lpor
245 1 0 _aProcurando firme
300 _a38
362 0 _a2009
440 1 _aSalamandra
697 _aLITERATURA INFANTO-JUVENIL
942 _cBK
999 _c171470
_d171470